000 00377nam a2200133Ia 4500
005 20251222151327.0
008 251222s9999||||xx |||||||||||||| ||spa||
020 _a8474345731
082 _a620.82/M61
245 0 _aLa Ergonomía en la Introducción de Nuevas Tecnologías en la Empresa
250 _a1ra.ed
264 _bMinisterio de Trabajo Seguridad Social
942 _cLIB
999 _c23964
_d23964